| 000 | 01041nam a2200313 i 4500 | ||
|---|---|---|---|
| 003 | IT-RoINE | ||
| 005 | 20230417140601.0 | ||
| 008 | 000912m20002003sp ab r 001 | spa d | ||
| 020 | _a8484830381 (o.c.) | ||
| 020 | _a8487482686 (v. 1) | ||
| 020 | _a8484830896 (v. 2) | ||
| 040 |
_aCIRBIC. _dIT-RoINE _cIT-RoINE |
||
| 100 | 1 | 0 |
_aGarcía Hernán, Enrique, _97054 _d1964- |
| 245 | 1 | 0 |
_aIrlanda y el rey prudente / _cEnrique García Hernán. |
| 260 | 0 |
_aMadrid : _bLaberinto, _c2000-2003. |
|
| 300 |
_a2 v. ; _c21 cm. |
||
| 336 |
_2rdacontent _atext |
||
| 337 |
_2rdamedia _aunmediated |
||
| 338 |
_2rdacarrier _avolume |
||
| 490 | 1 |
_aHermes ; _v2, 26 |
|
| 500 | _aBasado en la tesis del autor. | ||
| 504 | _aIncluye bibliografía. | ||
| 600 | 0 | 0 |
_aFelipe _bII, _cRey de España, _d1527-1598 _99965 |
| 651 | 4 |
_aIrlanda _xHistoria _ySiglo 16o. _914254 |
|
| 651 | 4 |
_aIrlanda _xRelaciones _zEspaña _ySiglo 16o. _914255 |
|
| 651 | 4 |
_aEspaña _xRelaciones _zIrlanda _ySiglo 16o. _914256 |
|
| 830 | 0 |
_aHermes ; _914257 _v2, 26 |
|
| 942 | _cMTS | ||
| 999 |
_c6586 _d6586 |
||